Тест на общие знания №48 - Statistics

General Stats
  • This quiz has been taken 40 times
  • The average score is 11 of 20
Answer Stats
Вопрос Ответ % Correct
Во что, согласно фразеологизму, уходит душа при сильном страхе? пятки
97%
Что, согласно поверью, приносит удачу, если у него четыре лепестка, вместо привычных трёх? клевер
97%
Какое животное в России изображено на дорожном знаке "дикие животные"? олень
93%
Каким словом обозначаются недопустимые в исламе вещи? харам
83%
Назовите главного антагониста фильма "Мстители: Война Бесконечности" Танос
77%
Самое первое видео, опубликованное на этом сайте, называется "Me at the zoo" YouTube
73%
Какая профессия была у Майкла Дельфино, Афони и Марио? сантехник
70%
Что означает вторая буква "П" в аббревиатуре "КПП"? пункт
70%
Какой спортивный снаряд назван в честь парнокопытного животного? козёл
67%
Где в Солнечной системе можно найти большое красное пятно? Юпитер
53%
Какой город, помимо Москвы и Санкт-Петербурга, является городом федерального назначения России? Севастополь
50%
Как с итальянского переводится словосочетание "buon giorno"? добрый день
47%
Какой цвет в Нидерландах символизирует королевскую семью и всю страну в целом? оранжевый
40%
Кого прозвали Орлеанской девой? Жанна д'Арк
37%
Название каких двух островов в Карибском море переводится с испанского как "древний" и "бородатый"? Антигуа и Барбуда
23%
Что любит энофил? вино
23%
В каком фильме дебютировали Трус, Балбес и Бывалый? "Пёс Барбос и необычный кросс"
20%
У кого были такие альтер-эго, как Хэллоуин Джек, Слепой Пророк и Зигги Стардаст? Дэвид Боуи
17%
Какой титул у Теодора Сьюза, автора детских книг "Лоракс", "Хортон слышит ктошек", "Кот в шляпе" и других? доктор
13%
В каком году в будущем происходят события аниме-сериала "Евангелион"? 2015
13%
No matching quizzes found
Score Distribution
Percent of People with Each Score
Percentile by Number Answered
Your Score History
You have not taken this quiz